000 00467nam a2200181Ia 4500
005 20250326123725.0
008 250326s9999 xx 000 0 und d
037 _aTextbook
040 _aFMSL
_beng
_cFMSL
041 _aeng
_2eng
084 _aX:8M M5
_qFMSL
100 _aScott R
_9118331
245 0 _aOffice at home
_cScott R
260 _aNY
_bNY, Charles Scribner's
_c1985
300 _a369p
942 _cTB
_hX:8M M5
999 _c1270668
_d1270668